| 000 | 00553nam a22001577a 4500 | ||
|---|---|---|---|
| 003 | OSt | ||
| 005 | 20250212080105.0 | ||
| 008 | 250212b |||||||| |||| 00| 0 eng d | ||
| 020 | _a9781789907506 | ||
| 040 | _aSEKU | ||
| 050 |
_aJF 60 _b.S72 |
||
| 245 |
_aThe state of accountability in the global South : challenges and responses _bedited by Sylvia I. Bergh, Sony Pellissery, C. |
||
| 260 |
_aCheltenham, UK : _bEdward Elgar Publishing, _c 2022 |
||
| 650 |
_aGovernment accountability _x Economic development _zDeveloping countries. |
||
| 942 |
_2lcc _cGEN |
||
| 999 |
_c18525 _d18525 |
||